000 00900nam a2200301Ia 4500
001 1816
003 IT-RoPAU
008 130308s9999 xx 000 0 und d
040 _aIT-RoPAU
040 _cIT-RoPAU
041 _aITALIANO
100 _aBonino Bruno
100 _gCodice Aut. SPICS: 8996
245 _aCapire il cinema
245 _bCapire Il Cinema
250 _a1a ed.
260 _aTORINO
260 _bParavia
260 _c1976 [1° Ed.:1976 - Ed.Ling.Originale:1976]
300 _a"64 p. (prefazione: no ; testo: 64)"
500 _aFascino del Cinema Linguaggio Universale del Cinema Grammatica del Film Inquadratura scena sequenza Angolazione delle riprese movimenti della Macchina Come Nasce un Film Cinema e Societa'
650 _aEDUCAZIONE AL CINEMA
650 _eCodice materia Spics: 6812
942 _cBK
957 _71
999 _c72657
_d72657
999 _bSI
999 _g1